• 首页
  • 本馆介绍
  • 公告通知
  • 最新文献
  • 馆藏检索
  • 电子资源
  • 读者导购
  • 参考咨询
  • 我的图书馆
  • 登录
  • 详细信息显示
  • 放入我的书架
  • 预约/预借图书
  • 作者相关作品
  • 分类相关作品
  • 丛书相关作品
  • 出版社相关作品

书目信息

  • 表格格式
  • 工作单格式
  • 卡片格式
题名:
战争中的美国海军
    
 
作者: 西风 编著
分册:  
出版信息: 北京   中国市场出版社  2014
页数: 182页
开本: 23cm
丛书名:
单 册:
中图分类: E712.53
科图分类:
主题词: 海军--概况--美国 , 海军
电子资源:
ISBN: 978-7-5092-1265-3
000 00915nam0 2200265 450
001 012015000583
005 20150914150352.09
010    @a978-7-5092-1265-3@dCNY58.00
100    @a20140922d2014 em y0chiy50 ea
101 0  @achi
102    @aCN@b110000
105    @aa z 000yy
106    @ar
200 1  @a战争中的美国海军@Azhan zheng zhong de mei guo hai jun@e从冷战到利比亚战争@f西风编著
210    @a北京@c中国市场出版社@d2014
215    @a182页@c彩图,彩照@d23cm
300    @a火力
330    @a本书汇集了朝鲜战争、越南战争、阿富汗战争、伊拉克战争和利比亚战争中的美国海军的一些作战战例。正是这些战争锻造了当今具有一流作战军舰、大甲板核动力航母的美国海军,造就了当今和未来的“海上强国”。
517 1  @a从冷战到利比亚战争
606 0  @a海军@x概况@y美国
606 0  @a海军
690    @aE712.53@v5
701  0 @a西风@Axi feng@4编著
801  0 @aCN@b碧洲教育@c20150718
905    @a10447@f4@dE712.53@e90
    
    战争中的美国海军:从冷战到利比亚战争/西风编著.-北京:中国市场出版社,2014
    182页:彩图,彩照;23cm
    火力
    
    ISBN 978-7-5092-1265-3:CNY58.00
    本书汇集了朝鲜战争、越南战争、阿富汗战争、伊拉克战争和利比亚战争中的美国海军的一些作战战例。正是这些战争锻造了当今具有一流作战军舰、大甲板核动力航母的美国海军,造就了当今和未来的“海上强国”。
●
相关链接 在E读中查询图书 在五车中查询图书 在当当中查询图书 在豆瓣中查询图书


正题名:战争中的美国海军     索取号:E712.53/90         预约/预借

序号 登录号 条形码 馆藏地/架位号 状态 备注
1 0848817   208488171   第一样本阅览室/ [索取号:E712.53/90] 在馆    
2 0848818   208488180   第一借阅区/ [索取号:E712.53/90] 在馆    
3 0848819   208488199   第一借阅区/ [索取号:E712.53/90] 在馆    
4 0848820   208488206   第一借阅区/ [索取号:E712.53/90] 在馆    
唐山师范学院图书馆 欢迎您!
大连网信软件有限公司© 版权所有